| 000 | 00493nam a22001817a 4500 | ||
|---|---|---|---|
| 003 | OSt | ||
| 005 | 20140425145741.0 | ||
| 008 | 140425b xxu||||| |||| 00| 0 eng d | ||
| 020 | _a9780393928570 | ||
| 050 |
_aPN 6101 _b.N6 2007 |
||
| 100 | _aHunter, J. Pau | ||
| 245 |
_aThe norton introduction to poetry / _cJ. Pau Hunter |
||
| 260 |
_aNew York : _bW.W, Norton and company, _c2007. |
||
| 300 |
_a706 p. : _c24 cm. |
||
| 650 |
_aPoetry _vCollections |
||
| 942 |
_2lcc _cBK |
||
| 999 |
_c115501 _d115501 |
||